Semantic media adaptation and personalization : proceedings 2010 5th international workshop 09-10 december 2010 Limassol, Cyprus

Guardado en:
Detalles Bibliográficos
Otros Autores: Tsapatsoulis, Nicolas (Editor), Theodosiou, Zenonas (Editor), Georgiou, Olga (Editor)
Formato: Libro
Lenguaje:inglés
Publicado: [New York] : IEEE, 2010
Etiquetas: Agregar Etiqueta
Sin Etiquetas, Sea el primero en etiquetar este registro!

MARC

LEADER 00000nam a22000003a 4500
001 stu219891
005 20150617230108.4
008 110111s2011----xxu-----------------eng-d
020 |a 978-1-4244-8601-4 
040 |a STU  |b slo 
041 0 |a eng 
044 |a xxu 
100 1 |a Tsapatsoulis, Nicolas  |4 edt 
245 1 |a Semantic media adaptation and personalization :  |b proceedings 2010 5th international workshop 09-10 december 2010 Limassol, Cyprus 
260 |a [New York] :  |b IEEE,  |c 2010 
300 |a 118 s 
500 |a príspevky v zborníku boli recenzované. info v úvode publikácie. 
700 1 |a Theodosiou, Zenonas  |4 edt 
700 1 |a Georgiou, Olga  |4 edt 
996 |b IZ599  |c I*Z599  |l II680  |s A  |a 24  |w stu219891_0001